Φορτώνει......

Anna Seghers

Λεπτομέρειες βιβλιογραφικής εγγραφής
Κύριος συγγραφέας: Wagner, Frank
Μορφή: Printed Book
Έκδοση: Leipzig Web Bibliographisches Institut 1980
LEADER 00361nam a22001097a 4500
082 |a 833.912  |b WAG 
100 |a Wagner, Frank 
245 |a Anna Seghers 
260 |a Leipzig  |b Web Bibliographisches Institut  |c 1980 
942 |c BK 
999 |c 299354  |d 299354 
952 |0 0  |1 0  |4 0  |6 833_912000000000000_WAG  |7 0  |9 319588  |a GER  |b GER  |d 2020-09-23  |l 0  |o 833.912 WAG  |p GER8676  |r 2020-09-23  |w 2020-09-23  |y BK